000 00971nam a22003137a 4500
001 6547
003 FISKH
005 20250509090038.0
008 250509b cb ||||| |||| 00| 0 eng d
020 _a9780440428138
040 _aDLC
_cDLC
_dDLC
_beng
050 _a PZ7.B6265 F
082 _a813.54
100 1 _aBlume, Judy
_d(1938-)
245 1 0 _aFreckle juice /
_cJudy Blume ; illustrated by Sonia O. Lisker.
250 _aThis edition first published in 1986
260 _aNew York :
_bA Yearling Book,
_c1971
300 _a47 pages :
_billustrations ;
_c20 cm
505 _aN
520 _aAndrew wants freckles so badly that he buys Sharon's freckle recipe for fifty cents.
521 8 _a570
_bLexile
521 8 _aN
_bRaz-Plus
650 1 _aHumorous stories.
_2Humor
650 1 _aJuvenile
_2Judy Blume
700 1 _aLisker, Sonia O
_eillustrator
906 _a7
_bcbc
_corignew
_d1
_eocip
_f19
_gy-gencatlg
942 _2ddc
_cBK
_n0
999 _c6547
_d6547